[Event "2nd League CS-East 2009"]
[Site "Golubac"]
[Date "2009.10.09"]
[Round "8.1"]
[White "Djukic, Zeljko"]
[Black "Raicevic, Ivica"]
[Result "1/2-1/2"]
[WhiteElo "2378"]
[BlackElo "2315"]
[PlyCount "23"]
[EventDate "2009.09.06"]

1. d4 e6 2. e4 d5 3. exd5 exd5 4. Bd3 Bd6 5. Qf3 Nf6 6. Bf4 Bxf4 7. Qxf4 O-O 8.
Ne2 Nc6 9. c3 Ne7 10. O-O Ng6 11. Bxg6 hxg6 12. Nd2 1/2-1/2

[Event "2nd League CS-East 2009"]
[Site "Golubac"]
[Date "2009.10.09"]
[Round "8.2"]
[White "Panic, Milan"]
[Black "Jovic, Stanoje"]
[Result "1/2-1/2"]
[WhiteElo "2225"]
[BlackElo "2294"]
[PlyCount "39"]
[EventDate "2009.09.06"]

1. e4 c6 2. d4 d5 3. exd5 cxd5 4. c4 Nf6 5. Nc3 Nc6 6. Nf3 Bg4 7. cxd5 Nxd5 8.
Qb3 Bxf3 9. gxf3 Nb6 10. Be3 e6 11. O-O-O Be7 12. d5 exd5 13. Nxd5 Nxd5 14.
Rxd5 Qc7 15. Kb1 O-O 16. f4 Rfd8 17. Bg2 Rxd5 18. Bxd5 Bf6 19. Rd1 Rd8 20. Rd3
1/2-1/2

[Event "2nd League CS-East 2009"]
[Site "Golubac"]
[Date "2009.10.09"]
[Round "8.2"]
[White "Kajganovic, Miodrag"]
[Black "Kalcic, Krsta"]
[Result "1/2-1/2"]
[WhiteElo "2283"]
[BlackElo "2196"]
[PlyCount "44"]
[EventDate "2009.09.06"]

1. d4 d5 2. Nf3 Nf6 3. c4 c6 4. Nc3 e6 5. e3 Nbd7 6. Bd3 Bd6 7. O-O O-O 8. e4
dxe4 9. Nxe4 Nxe4 10. Bxe4 Re8 11. Bg5 Be7 12. Bf4 Bf6 13. Qc2 Nf8 14. Rad1 Ng6
15. Bg3 Qb6 16. b3 a5 17. d5 exd5 18. cxd5 cxd5 19. Bxd5 Be6 20. Qc7 Qxc7 21.
Bxc7 Bxd5 22. Rxd5 a4 1/2-1/2

[Event "2nd League CS-East 2009"]
[Site "Golubac"]
[Date "2009.10.09"]
[Round "8.3"]
[White "Milovanovic, Srboljub"]
[Black "Zlatanovic, Zoran"]
[Result "1/2-1/2"]
[WhiteElo "2226"]
[BlackElo "2152"]
[PlyCount "92"]
[EventDate "2009.09.06"]

1. d4 Nf6 2. Nf3 e6 3. Bg5 h6 4. Bh4 c5 5. e3 b6 6. c3 Bb7 7. Bxf6 Qxf6 8. Nbd2
Qd8 9. Bd3 Be7 10. Qe2 Qc7 11. Ne5 O-O 12. f4 d6 13. Nef3 Nd7 14. Bc2 Rfe8 15.
Qd3 Nf8 16. O-O a5 17. Qe2 Ba6 18. Bd3 Bxd3 19. Qxd3 b5 20. a4 c4 21. Qc2 bxa4
22. Rxa4 d5 23. Ne5 Reb8 24. Rfa1 f6 25. Ng4 Rb5 26. b4 cxb3 27. Nxb3 Bb4 28.
Qd3 Qc4 29. Qxc4 dxc4 30. cxb4 cxb3 31. Kf1 Rxb4 32. Rxb4 axb4 33. Rb1 Ra3 34.
Nf2 Nd7 35. Nd3 b2 36. Ke2 Nb6 37. Rxb2 Nd5 38. Kd2 f5 39. h3 h5 40. g3 Ra1 41.
Nxb4 Nxb4 42. Rxb4 Rg1 43. Rb8+ Kf7 44. Rh8 Kg6 45. g4 hxg4 46. hxg4 Rxg4
1/2-1/2

[Event "2nd League CS-East 2009"]
[Site "Golubac"]
[Date "2009.10.09"]
[Round "8.3"]
[White "Colic, Ninoslav"]
[Black "Petrovic, Dragan R"]
[Result "1-0"]
[WhiteElo "2273"]
[BlackElo "2215"]
[PlyCount "103"]
[EventDate "2009.09.06"]

1. e4 c5 2. Nf3 Nc6 3. Bb5 a6 4. Bxc6 bxc6 5. O-O d6 6. h3 e5 7. c3 Nf6 8. Re1
Be7 9. d4 cxd4 10. cxd4 exd4 11. Nxd4 Qc7 12. Nc3 O-O 13. Qf3 Be6 14. Nf5 Bxf5
15. Qxf5 Nd7 16. Bf4 Ne5 17. Bxe5 dxe5 18. Na4 Rfd8 19. Red1 g6 20. Qf3 Rd4 21.
Rxd4 exd4 22. Qd3 c5 23. b3 Qa5 24. Rd1 Rc8 25. Qc4 Kg7 26. g3 h5 27. h4 Qb5
28. Nb2 Qxc4 29. Nxc4 f5 30. exf5 gxf5 31. Kg2 f4 32. Re1 Bf6 33. gxf4 Rd8 34.
Kf3 Bxh4 35. Rh1 Be7 36. Rxh5 Kg6 37. Rh1 Bf6 38. Ke4 d3 39. Rg1+ Kf7 40. Rd1
Rd4+ 41. Ke3 Ke6 42. Rxd3 Rxd3+ 43. Kxd3 Kf5 44. Ne3+ Ke6 45. Ke4 Bd4 46. Ng4
Bb2 47. f5+ Kd6 48. f4 c4 49. bxc4 Kc5 50. Ne5 Ba3 51. f6 a5 52. f7 1-0

[Event "2nd League CS-East 2009"]
[Site "Golubac"]
[Date "2009.10.09"]
[Round "8.3"]
[White "Zivkovic, Nemanja"]
[Black "Stojanovic, Sreten"]
[Result "0-1"]
[WhiteElo "2109"]
[BlackElo "2172"]
[PlyCount "40"]
[EventDate "2009.09.06"]

1. e4 d5 2. exd5 Qxd5 3. d4 e5 4. Nf3 Nc6 5. Be3 Bg4 6. Be2 O-O-O 7. Nxe5 Bxe2
8. Qxe2 Nxe5 9. dxe5 Qxg2 10. Rf1 Qe4 11. f4 Nh6 12. c3 Be7 13. Nd2 Bh4+ 14.
Kd1 Nf5 15. Rf3 Rd7 16. Kc1 Qc6 17. Qc4 Qg6 18. Qe4 Rhd8 19. Nb3 Rd1+ 20. Kc2
Nd4+ 0-1

[Event "2nd League CS-East 2009"]
[Site "Golubac"]
[Date "2009.10.09"]
[Round "8.3"]
[White "Tosic, Branislav"]
[Black "Trickovic, Vladimir"]
[Result "1/2-1/2"]
[WhiteElo "2192"]
[BlackElo "2065"]
[PlyCount "90"]
[EventDate "2009.09.06"]

1. d4 Nf6 2. c4 c5 3. Nf3 e6 4. Nc3 a6 5. dxc5 Bxc5 6. e3 O-O 7. a3 Qc7 8. b4
Be7 9. Bb2 b6 10. Be2 Bb7 11. Rc1 Nc6 12. Nd5 exd5 13. cxd5 Qd6 14. dxc6 Qxd1+
15. Bxd1 dxc6 16. Nd4 Rfc8 17. Nf5 Bf8 18. Bf3 Nd5 19. Bxd5 cxd5 20. Kd2 Rc4
21. Nd4 b5 22. Nb3 Rac8 23. Na5 Rxc1 24. Rxc1 Rxc1 25. Kxc1 Bc8 26. Bd4 Bd6 27.
h3 f6 28. Kd2 Kf7 29. Nb3 h5 30. Bc5 Bc7 31. Nd4 g5 32. Ne2 h4 33. f3 Bf5 34.
Nc3 Be6 35. Bd4 Ke7 36. e4 Bf4+ 37. Kc2 dxe4 38. Nxe4 f5 39. Bf6+ Kf7 40. Bxg5
fxe4 41. Bxf4 exf3 42. gxf3 Bxh3 43. Bg5 Bg2 44. Bxh4 Bxf3 45. Bg3 Ke6 1/2-1/2

[Event "2nd League CS-East 2009"]
[Site "Golubac"]
[Date "2009.10.09"]
[Round "8.4"]
[White "Dimitrijevic, Srdjan"]
[Black "Radosavljevic, Slobodan D"]
[Result "1-0"]
[WhiteElo "2290"]
[BlackElo "2248"]
[PlyCount "69"]
[EventDate "2009.09.06"]

1. d4 c5 2. d5 Nf6 3. c4 b5 4. Nf3 g6 5. cxb5 a6 6. b6 Qxb6 7. Nc3 d6 8. a4
Nbd7 9. a5 Qb4 10. Ra4 Qb8 11. h3 Bg7 12. e4 O-O 13. Be2 Ra7 14. O-O Ne8 15.
Ra2 Nc7 16. Be3 Rb7 17. Qc2 Rb4 18. Nd2 f5 19. exf5 gxf5 20. Bg5 Nf6 21. Bc4 h6
22. Bh4 Kh8 23. Re1 Re8 24. b3 Qa8 25. Qd3 Bb7 26. Qxf5 Ncxd5 27. Nxd5 Nxd5 28.
Bd3 Kg8 29. Qh7+ Kf8 30. Bc4 Qc8 31. Re4 e6 32. Rg4 Qd7 33. Ne4 Re7 34. Bxd5
Bxd5 35. Nf6 1-0

[Event "2nd League CS-East 2009"]
[Site "Golubac"]
[Date "2009.10.09"]
[Round "8.4"]
[White "Savic, Goran Lj"]
[Black "Popovic, Djordje D"]
[Result "0-1"]
[WhiteElo "2153"]
[BlackElo "2308"]
[PlyCount "74"]
[EventDate "2009.09.06"]

1. e4 c5 2. Nf3 d6 3. d4 cxd4 4. Nxd4 Nf6 5. Nc3 a6 6. Be2 e5 7. Nf3 h6 8. O-O
Be6 9. h3 Nbd7 10. Be3 Rc8 11. Qd2 Be7 12. Nh2 Nb6 13. Rfd1 Nc4 14. Bxc4 Rxc4
15. f3 Qc7 16. Rac1 O-O 17. Nf1 Rc8 18. Bf2 b5 19. Ne3 Rd4 20. Qe1 Rxd1 21.
Rxd1 Qb7 22. Qd2 b4 23. Ncd5 Nxd5 24. exd5 Bd7 25. Qd3 g6 26. g4 Qb5 27. Qe4
Bg5 28. h4 Bxe3 29. Qxe3 Rxc2 30. Rd2 Rc1+ 31. Be1 Qc4 32. Kf2 Bb5 33. Kg3 Kg7
34. Bf2 Rh1 35. Bg1 Rxg1+ 36. Qxg1 Qf4+ 37. Kh3 Qxd2 0-1

[Event "2nd League CS-East 2009"]
[Site "Golubac"]
[Date "2009.10.09"]
[Round "8.4"]
[White "Illijin, Neboisa"]
[Black "Lepojevic, Nebojsa"]
[Result "1-0"]
[WhiteElo "2228"]
[BlackElo "2065"]
[PlyCount "98"]
[EventDate "2009.09.06"]

1. Nf3 d5 2. d4 Nf6 3. c4 e6 4. Nc3 Be7 5. Bf4 O-O 6. e3 Nbd7 7. a3 c6 8. Rc1
Re8 9. h3 Nf8 10. c5 Ng6 11. Bh2 Nd7 12. Bd3 Nh4 13. O-O Nxf3+ 14. Qxf3 f5 15.
Ne2 Nf6 16. Qf4 Nh5 17. Qc7 Qxc7 18. Bxc7 g6 19. b4 Bd7 20. a4 Bf6 21. g4 Ng7
22. f4 Rec8 23. Be5 Ne8 24. Rb1 a6 25. Rb3 Bxe5 26. dxe5 Nc7 27. Nd4 Kf7 28.
Rb2 Ke7 29. Kh2 Ne8 30. Rc1 Rc7 31. Kg2 Ng7 32. Be2 Be8 33. Bd3 Bd7 34. Kf3 Be8
35. Rg2 Bd7 36. Be2 Be8 37. Kf2 Bd7 38. Rgg1 Rcc8 39. Rb1 Rc7 40. Rgc1 Rf8 41.
b5 axb5 42. axb5 Ra8 43. b6 Rcc8 44. Ra1 Rxa1 45. Rxa1 Rb8 46. Ra2 Kd8 47. Nb3
fxg4 48. hxg4 h5 49. Na5 Kc8 1-0

[Event "2nd League CS-East 2009"]
[Site "Golubac"]
[Date "2009.10.09"]
[Round "8.4"]
[White "Petrovic, Grade"]
[Black "Djordjevic, Zoran V"]
[Result "1/2-1/2"]
[WhiteElo "2139"]
[BlackElo "2066"]
[PlyCount "110"]
[EventDate "2009.09.06"]

1. d4 e6 2. Nf3 c5 3. g3 b6 4. Bg2 Bb7 5. O-O Qc7 6. c3 Nf6 7. Nbd2 d6 8. Re1
Nbd7 9. e4 e5 10. d5 Be7 11. a4 O-O 12. h3 h6 13. g4 Nh7 14. Nf1 Ndf6 15. Ng3
Bc8 16. Nf5 Kh8 17. Kh1 Ng8 18. Be3 Qd8 19. Qd2 Bxf5 20. exf5 Ng5 21. Nxg5 Bxg5
22. f4 exf4 23. Bxf4 Bh4 24. Re2 Qd7 25. a5 b5 26. a6 Rab8 27. b4 c4 28. Bf3
Rfe8 29. Kg2 Rxe2+ 30. Bxe2 Qe7 31. Bf3 Re8 32. Ra5 Qd7 33. Be3 Bf6 34. Kg3
Be5+ 35. Bf4 Bxf4+ 36. Qxf4 Re5 37. Qd4 h5 38. Ra2 Nh6 39. Re2 hxg4 40. hxg4
Rxf5 41. Rh2 Re5 42. Qf4 Qe7 43. Rh5 Rxh5 44. gxh5 Ng8 45. Kf2 Nf6 46. Qf5 Qd7
47. Qf4 Ng8 48. Bg4 Qe7 49. Bf3 Qf6 50. Qe3 Qe7 51. Qf4 Qf6 52. Qe3 Qh4+ 53.
Kg2 Qe7 54. Qf4 Qf6 55. Qe3 Qe7 1/2-1/2

[Event "2nd League CS-East 2009"]
[Site "Golubac"]
[Date "2009.10.09"]
[Round "8.4"]
[White "Petrovic, Dragoslav"]
[Black "Jovanovic, Boban"]
[Result "1/2-1/2"]
[WhiteElo "2044"]
[BlackElo "2225"]
[PlyCount "94"]
[EventDate "2009.09.06"]

1. d4 c6 2. c4 d5 3. cxd5 cxd5 4. Nc3 Nf6 5. Nf3 Nc6 6. Bf4 Bf5 7. e3 e6 8. Nh4
Bg6 9. Nxg6 hxg6 10. Qb3 Qd7 11. h3 Be7 12. Bd3 O-O 13. O-O Ne8 14. Rac1 Bd6
15. Bxd6 Nxd6 16. Nb5 Nc8 17. Rc5 a6 18. Na3 Nd6 19. Rfc1 Rfc8 20. Qb6 Rc7 21.
Nb1 Nc8 22. Qb3 Qd6 23. Nd2 N8e7 24. Nf3 f6 25. a3 b5 26. Qc2 Rcc8 27. Bxg6 Nd8
28. Bd3 Rxc5 29. Qxc5 Qxc5 30. Rxc5 Rc8 31. Rxc8 Nxc8 32. Kf1 Nb6 33. b3 Nc6
34. Ke2 Kf7 35. Kd2 e5 36. dxe5 fxe5 37. Bc2 Kf6 38. g4 g5 39. h4 gxh4 40. g5+
Kg7 41. Nxh4 e4 42. f3 exf3 43. Nxf3 a5 44. Bd3 b4 45. a4 Nc8 46. Bb5 N6e7 47.
Kd3 Nd6 1/2-1/2

[Event "2nd League CS-East 2009"]
[Site "Golubac"]
[Date "2009.10.09"]
[Round "8.5"]
[White "Stojanovic, Zlatko"]
[Black "Nikolic, Stanimir"]
[Result "1-0"]
[WhiteElo "2231"]
[BlackElo "2292"]
[PlyCount "85"]
[EventDate "2009.09.06"]

1. e4 e5 2. Nf3 Nc6 3. Bb5 Nf6 4. O-O Be7 5. Re1 d6 6. d4 exd4 7. Nxd4 Bd7 8.
Nc3 O-O 9. Bxc6 bxc6 10. b3 Re8 11. Bb2 Bf8 12. Nf3 Ng4 13. h3 Ne5 14. Re3 Ng6
15. Qd2 Rb8 16. Ne2 Be7 17. c4 c5 18. Re1 Bc6 19. Nc3 f6 20. Nd5 Ne5 21. Nh4
Bf8 22. f4 Ng6 23. Nxg6 hxg6 24. Rg3 Kf7 25. Qd1 Qd7 26. f5 Bxd5 27. fxg6+ Ke7
28. exd5+ Kd8 29. Rge3 Rxe3 30. Rxe3 a5 31. Re6 Kc8 32. Qe1 a4 33. Re8+ Kb7 34.
Rxb8+ Kxb8 35. Qe6 Qd8 36. bxa4 Kb7 37. Bc3 c6 38. Qf7+ Qe7 39. Qxe7+ Bxe7 40.
Kf2 cxd5 41. cxd5 Kb6 42. Ke3 Bd8 43. Ke4 1-0

[Event "2nd League CS-East 2009"]
[Site "Golubac"]
[Date "2009.10.09"]
[Round "8.5"]
[White "Peric, Slavisa"]
[Black "Nikolic, Zoran S"]
[Result "1/2-1/2"]
[WhiteElo "2280"]
[BlackElo "2254"]
[PlyCount "100"]
[EventDate "2009.09.06"]

1. d4 Nf6 2. Nf3 b6 3. c4 Bb7 4. Nc3 e6 5. a3 c5 6. e3 Be7 7. Be2 O-O 8. d5
exd5 9. cxd5 d6 10. e4 Re8 11. O-O a6 12. a4 Bf8 13. Qc2 Nbd7 14. h3 Qe7 15.
Nd2 g6 16. f4 Bg7 17. Bf3 Nh5 18. Bxh5 gxh5 19. Nc4 b5 20. axb5 axb5 21. Rxa8
Bxa8 22. Nxb5 Qxe4 23. Qxe4 Rxe4 24. Ncxd6 Ra4 25. Nc7 Nb6 26. Nf5 Bd4+ 27. Kh2
Ra1 28. Re1 h6 29. Nxa8 Rxa8 30. d6 Rd8 31. Re4 Bg7 32. Bd2 Nc8 33. Ba5 Nxd6
34. Re2 Ra8 35. Nxg7 Rxa5 36. Nxh5 Rb5 37. Rc2 Nf5 38. Nf6+ Kg7 39. Ne4 Ne3 40.
Rc3 Nd1 41. Rxc5 Rxb2 42. Ng3 Ne3 43. Nf5+ Nxf5 44. Rxf5 Kg6 45. Rc5 f5 46.
Rc6+ Kg7 47. Re6 Rc2 48. Kg3 h5 49. Kf3 Rc3+ 50. Re3 Rc7 1/2-1/2

[Event "2nd League CS-East 2009"]
[Site "Golubac"]
[Date "2009.10.09"]
[Round "8.5"]
[White "Batanjac, Aleksandar"]
[Black "Tosic, Nebojsa"]
[Result "0-1"]
[WhiteElo "2147"]
[BlackElo "2194"]
[PlyCount "88"]
[EventDate "2009.09.06"]

1. e4 c5 2. Nf3 e6 3. Nc3 a6 4. d4 cxd4 5. Nxd4 b5 6. Be3 Bb7 7. Bd3 d6 8. a4
b4 9. Nce2 Nf6 10. Ng3 Nbd7 11. Nb3 Be7 12. Qe2 O-O 13. O-O Qc7 14. Rfc1 d5 15.
c3 dxe4 16. cxb4 Qb8 17. Bc2 Bxb4 18. Nd2 Qe5 19. Nc4 Qb8 20. Nd2 Nc5 21. Bxc5
Bxc5 22. Ndxe4 Bd4 23. Qd3 Rd8 24. Nxf6+ Bxf6 25. Qxh7+ Kf8 26. Re1 Qf4 27. Nf5
g6 28. Nh6 Bd4 29. Re2 Rd5 30. Rae1 Rh5 31. Qg8+ Ke7 32. Rxe6+ fxe6 33. Qxe6+
Kd8 34. Qg8+ Kc7 35. Re7+ Kb6 36. Qxg6+ Ka7 37. Rxb7+ Kxb7 38. Be4+ Ka7 39.
Qh7+ Kb6 40. Qb7+ Ka5 41. b4+ Kxa4 42. Qc6+ Ka3 43. Ng4 Rc5 44. g3 Qc1+ 0-1

[Event "2nd League CS-East 2009"]
[Site "Golubac"]
[Date "2009.10.09"]
[Round "8.5"]
[White "Rajkovic, Aleksandar"]
[Black "Marinkovic, Vojkan"]
[Result "1-0"]
[WhiteElo "2144"]
[BlackElo "2041"]
[PlyCount "72"]
[EventDate "2009.09.06"]

1. b3 b6 2. Bb2 Bb7 3. e3 e6 4. Nf3 f5 5. d4 Nf6 6. Nbd2 Be7 7. Bd3 O-O 8. Qe2
d5 9. Ne5 Nbd7 10. f4 a5 11. Ndf3 Nxe5 12. Nxe5 a4 13. O-O Ne4 14. Bxe4 dxe4
15. c4 Bd6 16. Rfd1 Bxe5 17. dxe5 Qe7 18. Bc3 Rfd8 19. b4 Ba6 20. b5 Bb7 21.
Bd4 Rd7 22. a3 h6 23. Qh5 Rad8 24. g4 Qf7 25. Qh4 fxg4 26. Qxg4 Kh7 27. Ra2 Qg6
28. Qxg6+ Kxg6 29. Rg2+ Kf7 30. Kf2 g6 31. Rdg1 Rg8 32. f5 g5 33. f6 Kg6 34. h4
Kf5 35. Kg3 Rf7 36. h5 g4 1-0

[Event "2nd League CS-East 2009"]
[Site "Golubac"]
[Date "2009.10.09"]
[Round "8.6"]
[White "Biljanic, Ljubomir"]
[Black "Trailovic, Mile"]
[Result "1/2-1/2"]
[WhiteElo "2312"]
[BlackElo "2154"]
[PlyCount "20"]
[EventDate "2009.09.06"]

1. d4 c5 2. d5 Nf6 3. Nc3 g6 4. e4 d6 5. Bb5+ Nbd7 6. a4 Bg7 7. Nf3 O-O 8. O-O
a6 9. Be2 b6 10. Ra3 Bb7 1/2-1/2